[Event "Norway Chess 2025"]
[Site "Stavanger, Norway"]
[Date "2025.06.05"]
[Round "9.3"]
[White "Carlsen, Magnus"]
[Black "Caruana, Fabiano"]
[Result "1-0"]
[WhiteElo "2837"]
[BlackElo "2776"]
[Annotator "Bojkov,Dejan"]
[PlyCount "103"]
[EventDate "2025.??.??"]

{[%evp 0,103,19,16,18,-10,-11,-22,-24,-13,11,11,19,14,14,-24,-8,-38,-38,-43,-43,-39,-39,-35,-24,-16,-16,-12,-4,-7,-3,-1,-3,-3,10,10,13,10,16,-7,8,8,8,-7,0,0,37,16,33,47,63,61,113,116,108,114,114,114,114,114,125,127,131,77,77,111,158,158,150,150,157,135,135,128,134,134,141,141,129,151,144,144,148,116,148,102,156,145,156,144,159,159,144,144,156,144,189,186,153,176,366,279,401,425,461,463]} 1. d4 d5 2. c4 e6 3. g3 Nf6 4. Bg2 Be7 5. Nf3 O-O 6. O-O dxc4 7. Qc2 a6 {Caruana comfortably entered a line that he used just a few weeks ago, but as White.} 8. Rd1 ({As White the American chose instead:} 8. a4 Nc6 9. Qxc4 h6 10. Bd2 Qd5 11. Rc1 Rd8 12. Qxd5 exd5 13. e3 {and this game eventually ended in a draw, Caruana,F (2776)-Abdusattorov $146 (2771) Bucharest 2025}) 8... b5 9. Ne5 {Carlsen replies quickly and confidently.} Nd5 10. b3 cxb3 11. axb3 Bb7 12. Ba3 Bd6 {All of this \"is cutting edge theory\" according to the Megabase. White gets ample compensation for the pawn, but Black can look for a good moment to give it back and trade a few pieces in the process.} 13. Nd3 Nd7 14. e4 Bxa3 15. Rxa3 N5f6 16. Nd2 a5 $1 $146 {Here it is, the novelty. Black certainly should not allow his opponent a chance to clamp the queenside.} ({The predecessor saw White getting everything that he wanted to after:} 16... Qe7 $2 17. b4 $1 Rac8 (17... e5 18. Qxc7) 18. Qc3 Rfd8 19. Re1 h5 20. Nb3 h4 21. Nbc5 {Dubov,D (2708)-Grischuk,A (2745) Chess.com INT 2022. It should be said that a younger Carlsen learned the hard way how bad this structure is against Kramnik.}) 17. Rda1 c5 $1 {The point behind Caruana's play.} ({Keeping the extra pawn is not worth it} 17... c6 18. e5 Nd5 19. Ne4 {and the white knights get the better outposts.}) 18. dxc5 Qc7 19. b4 axb4 {This should be an equalizer. But one can never be certain when facing Carlsen...} ({There is more complex play after} 19... a4 20. Qb2 ({Or} 20. Rc3 Nb8 $1)) 20. Rxa8 Rxa8 21. Rc1 $1 {White plays for a win $1} ({More trades will follow after} 21. Rxa8+ Bxa8 22. Qa2 Bc6) 21... Rc8 {The most obvious and logical move. Caruana targets the last of the white queenside pawns. If it disappears, the draw would become inevitable.} ({However, there was a strong argument for blocking it with} 21... Nb8 $5 22. Nxb4 Nc6 23. Qb2 Nxb4 24. Qxb4 Bc6 {with a perfectly safe position for the second player.}) 22. Qb2 h6 {Another useful move, giving air to the king.} ({The \"activity\"} 22... Qa5 23. Nb3 Qa4 $4 {backfires to} ({Also} 23... Qa3 24. Qc2 $1 {is less than convincing.}) 24. Ra1) ({But it made sense to try and get rid of a pair of knights at once with} 22... Ng4 $5 23. Qxb4 Bc6 {followed by Ng4-e5.}) 23. Qxb4 Bc6 24. Qb2 $1 {Highlighting the fact that Black is a bit cramped, and clumsy.} Ra8 ({Here too} 24... Ng4 $5 {seems good, for example} 25. Nb4 Nge5 26. f4 Nc4 27. Nxc4 bxc4 28. Rxc4 Bb5 29. Rc1 Nxc5 {when the pin is only a temporary issue.}) 25. Nb4 Ne5 {Finally Caruana decided to bring the knights into the game.} ({This time it was too late for} 25... Ng4 $4 26. Nxc6 Qxc6 27. e5) 26. f4 Nc4 $1 {The best chance from a human standpoint.} ({The knight is offside after} 26... Ng6 {and White has a bunch of interesting options, like} 27. e5 ({Or} 27. Nxc6 Qxc6 28. f5) 27... Bxg2 28. exf6 Bc6 29. fxg7 {White should be better.}) 27. Nxc4 bxc4 28. Nxc6 $1 {An accurate move.} ({Annihilating the important bishop later might come with a price, as in the line} 28. Rxc4 Qb7 29. Qd4 Ra4 30. Nxc6 Qb1+ $1 31. Bf1 Ra1 {And suddenly Black has enough counterplay. One funny drawing line runs} 32. Qf2 Ng4 $1 33. Qe2 Ne3 34. Kf2 Ng4+ 35. Kg1 Ne3) 28... Qxc6 29. Rxc4 Rc8 $6 {It's easy to criticize this move armed with the computer's megapower.} ({but calculating all the counterplay after} 29... Ra5 $1 {was definitely impossible. The rook is kept active and ready to bother the white king. The logic is clear. The problem is, though, that the c-passer can become a queen before that. Still, the machine is not afraid. Some beautiful lines run:} 30. Qd4 ({In case of} 30. Qc3 {a nice line shown in the studio by Chirila goes} Qa6 (30... Ra2 $5 {also looks enough for counterplay.}) 31. c6 $6 Ra1+ 32. Bf1 Rxf1+ $3 33. Kxf1 Nxe4 $1 {Now} 34. Qc2 $4 {even loses to} ({Therefore White needs to fight for the draw with} 34. c7 Nd2+ 35. Qxd2 Qxc4+ 36. Kg2 Qxc7) 34... Qxc4+ $1 35. Qxc4 Nd2+ 36. Ke2 Nxc4 37. c7 Nd6 $19) ({In comparison to the game} 30. e5 Nd5 31. f5 {does not yield White anything due to the simple} Rxc5) ({There is also no time for prophylaxis} 30. h3 Rxc5 31. Qb8+ Ne8 {with equality} ({But not} 31... Kh7 $4 32. e5)) 30... Ra2 31. h3 Qb5 32. Qc3 Qb1+ 33. Qc1 ({White has to be careful} 33. Kh2 $4 Qf1) 33... Qd3 $1 {And it turns out that Black is just in time in the line} 34. c6 Qe2 35. Qf1 Qe3+ 36. Kh2 Nxe4 37. c7 Qxg3+ 38. Kg1 Qe3+ 39. Kh2 Qg3+ 40. Kh1 Nf2+ 41. Kg1 ({Or} 41. Qxf2 Qxf2 42. c8=Q+ Kh7 43. Qc6 Qe1+ 44. Kh2 Qf1 {and Black does not risk losing.}) 41... Nxh3+) 30. e5 $1 Nd5 31. f5 $1 {Now Carlsen creates additional weaknesses on the kingside.} Qa6 ({Certainly not} 31... exf5 $2 32. Qd4 Rd8 33. Rc2 {and this time the pin will be painful for Black.}) 32. Rc1 Qa7 {Black keeps his queen closer to the pawn.} ({This looked like a good moment to activate the queen with} 32... Qd3 $1 33. fxe6 Qe3+ 34. Kh1 fxe6 35. c6 (35. Bxd5 exd5) 35... Kh8) 33. fxe6 fxe6 34. Bxd5 $1 {With such a knight on the board the win would be impossible.} exd5 35. Qd4 Qd7 36. Kg2 {This and the next few moves are trademark Carlsen.} (36. Rd1 {is nothing due to} Qc6) 36... Qc6 37. h4 $1 {Fixing some squares around the black king.} Kh8 38. Rc2 Kg8 39. h5 Kh8 40. Kh3 Kg8 41. Kh2 Qe6 42. Rd2 Rd8 43. Kg2 Qc6 44. Rd1 Qa6 45. Re1 Qe6 46. Rb1 {After some improvements, White gets ready to infiltrate into the enemy camp.} Qf5 {Caruana goes for a wrong plan $1} ({True} 46... Re8 {does not even create a threat and White can calmly react with} 47. Rb2 $5 {As the rook endgame after} Qxe5 $4 48. Qxe5 Rxe5 49. c6 {is lost for Black.}) ({However} 46... Rf8 $1 47. Rb2 {And now the neat} Kh8 $1 {should have been tried. Black is looking for a proper moment for a counterplay along the f-file.} ({Not} 47... Qf5 48. Qxd5+)) 47. Rb2 Qxh5 {The last mistake. This pawn is not worth as much as it seems, and the white king is sufficiently defended.} ({The immediate attack} 47... Rf8 $2 {still does not work due to} 48. Qxd5+ Kh7 49. c6 Qf1+ 50. Kh2) ({But the last chance was} 47... Qe6 $1 {When White can keep on grinding with many moves, like} 48. Rb6 (48. Rd2 $5) (48. g4 $5) ({Or the preliminary} 48. Rc2 $5 Qc6 49. g4) 48... Qf5 49. Rb7 Qc2+) 48. c6 $1 {The pawns are too strong.} Kh7 49. e6 $1 ({Perhaps Caruana only calculated} 49. c7 Rc8 50. Rc2 Qf7 {with chances to hold.}) 49... Qg6 50. Re2 $1 (50. c7 $1 {would do as well.}) 50... Ra8 51. Qxd5 Ra3 52. Qe4 1-0

[Event "13th Norway Chess 2025"]
[Site "Stavanger NOR"]
[Date "2025.05.28"]
[Round "3.2"]
[White "Carlsen, Magnus"]
[Black "Wei, Yi"]
[Result "1/2-1/2"]
[WhiteElo "2837"]
[BlackElo "2758"]
[Annotator "Crowther,Mark"]
[PlyCount "101"]
[EventDate "2025.05.26"]

1. d4 Nf6 2. c4 e6 3. Nf3 d5 4. g3 Be7 5. Bg2 O-O 6. O-O dxc4 7. Qc2 a6 8. a4 Bd7 9. Qxc4 Bc6 10. Bg5 Bd5 11. Qc2 Be4 12. Qc1 Nc6 13. e3 {E05: Open Catalan: 5 Nf3 Be7.} Bb4 $1 {[%mdl 4] [#] ...Qd5 is the strong threat. is more profitable than 13...Nb4 at the moment.} 14. Qd1 h6 15. Bxf6 Qxf6 16. Nc3 Bxc3 17. bxc3 Na5 18. Ne5 Bxg2 19. Kxg2 Rfd8 {Against Nd7} 20. Qb1 $146 (20. Rb1 c5 21. Qe2 Rac8 22. Rfc1 Rc7 23. Nd3 c4 24. Nc5 e5 25. Qf3 Qg6 26. Rd1 exd4 27. exd4 {1-0 Injac,T (2431)-Milovic,A (2130) EU-chT (Women) 24th Budva 2023 (1.15)}) ({RR} 20. Rb1 c5 21. Qe2 Rac8 22. Rfc1 Rc7 23. Nd3 c4 24. Nc5 e5 25. Qf3 Qg6 26. Rd1 exd4 27. exd4 Qc2 28. Re1 Nb3 29. Ne4 Qa2 30. Nc5 Qc2 31. Qf4 Rdc8 32. Ne4 Rd7 33. Nf6+ gxf6 34. Qg4+ Qg6 {Injac,T (2431)-Mijovic,A (2130) Budva MNE 2023 1-0 (41)}) ({RR} 20. Rb1 c5 21. Qe2 Rac8 22. Rfc1 Rc7 23. Nd3 c4 24. Nc5 e5 25. Qf3 Qg6 26. Rd1 exd4 27. exd4 Qc2 28. Re1 Nb3 29. Ne4 Qa2 30. Nc5 Qc2 31. Qf4 Rdc8 32. Ne4 Rd7 33. Nf6+ gxf6 34. Qg4+ Qg6 {Injac,T (2431)-Mijovic,A (2130) Budva MNE 2023 1-0 (41)}) 20... Rac8 21. Rd1 c5 22. Qb6 {[%csl Ba5,Bc5]} cxd4 23. cxd4 Rd5 {[%eval 77,26] [%wdl 219,781,0]} (23... Rc2 $14 {[%eval 33,28] [%wdl 26,973,1]} 24. Rf1 Nc6) 24. Rdc1 $16 Qd8 25. Qb4 {White is much more active.} Rc7 26. Rc3 {[%eval 7,25] [%wdl 6,991,3]} (26. h4 $16 {[%eval 114,26] [%wdl 681,319,0]}) 26... Rxc3 $1 $11 27. Qxc3 Rd6 $1 {[%cal Bd5d6,Bd6c6,Bc6c4][%mdl 32]} 28. Rb1 f6 29. Ng6 Qe8 {[%csl Ba4,Bg6]} 30. Qc2 {Black is weak on the dark squares} Kf7 31. h4 Qc6+ 32. Qxc6 Rxc6 {[%mdl 4096] Endgame KRN-KRN} 33. h5 Rc4 34. Kf3 Ke8 $6 {[%eval 76,23] [%wdl 201,799,0] Giving Carlsen some chances.} (34... Rxa4 $11 {[%eval 0,30] [%wdl 3,994,3]} 35. Rb6 Rc4) 35. Nf4 $1 $16 Ke7 36. g4 $2 {[%eval 6,26] [%wdl 4,994,2] The position is now equal.} (36. Nd3 $16 {[%eval 82,26] [%wdl 264,736,0]}) 36... e5 37. Ng6+ Ke6 $1 38. dxe5 fxe5 39. Rb6+ Rc6 $1 40. Rb2 Rc4 41. Ra2 Nb3 42. Nh4 Nc5 43. Nf5 Rxa4 44. Rc2 b6 45. Rd2 Ne4 46. Nxg7+ Kf6 47. Rd7 Ng5+ 48. Kg3 Ne4+ 49. Kf3 Ng5+ 50. Kg3 {Threatens to win with Nf5.} Ne4+ 51. Kf3 1/2-1/2

[Event "13th Norway Chess 2025"]
[Site "Stavanger NOR"]
[Date "2025.05.28"]
[Round "3.2"]
[White "Carlsen, Magnus"]
[Black "Wei, Yi"]
[Result "1/2-1/2"]
[WhiteElo "2837"]
[BlackElo "2758"]
[Annotator "Chess.com"]
[PlyCount "101"]
[EventDate "2025.05.26"]

{[%evp 0,101,16,28,27,-16,-9,4,4,-25,-11,-19,11,-26,21,-9,-3,-19,-24,-12,3,-10,1,-31,5,-36,-7,-15,7,-32,-7,-9,-8,-6,14,13,32,24,38,47,40,55,50,45,21,19,54,-2,64,68,69,73,65,45,27,34,21,28,27,34,34,16,42,0,26,18,7,0,0,8,48,60,61,6,22,36,36,37,39,0,6,0,39,0,13,0,5,0,17,0,0,0,0,0,0,0,0,0,0,0,0,0,0,0]} 1. d4 Nf6 2. c4 e6 3. Nf3 d5 4. g3 Be7 5. Bg2 O-O 6. O-O dxc4 7. Qc2 a6 8. a4 Bd7 9. Qxc4 Bc6 10. Bg5 Bd5 11. Qc2 Be4 12. Qc1 Nc6 13. e3 Bb4 14. Qd1 h6 15. Bxf6 Qxf6 16. Nc3 Bxc3 17. bxc3 Na5 18. Ne5 Bxg2 19. Kxg2 Rfd8 20. Qb1 $146 ({RR} 20. Rb1 c5 21. Qe2 Rac8 22. Rfc1 Rc7 23. Nd3 c4 24. Nc5 e5 25. Qf3 Qg6 26. Rd1 exd4 27. exd4 Qc2 28. Re1 Nb3 29. Ne4 Qa2 30. Nc5 Qc2 31. Qf4 Rdc8 32. Ne4 Rd7 33. Nf6+ gxf6 34. Qg4+ Qg6 {Injac,T (2431)-Mijovic,A (2130) Budva MNE 2023 1-0 (41)}) ({RR} 20. Rb1 c5 21. Qe2 Rac8 22. Rfc1 Rc7 23. Nd3 c4 24. Nc5 e5 25. Qf3 Qg6 26. Rd1 exd4 27. exd4 Qc2 28. Re1 Nb3 29. Ne4 Qa2 30. Nc5 Qc2 31. Qf4 Rdc8 32. Ne4 Rd7 33. Nf6+ gxf6 34. Qg4+ Qg6 {Injac,T (2431)-Mijovic,A (2130) Budva MNE 2023 1-0 (41)}) 20... Rac8 21. Rd1 c5 22. Qb6 cxd4 23. cxd4 Rd5 24. Rdc1 Qd8 25. Qb4 Rc7 26. Rc3 $6 {A move that seems to give away much of White's advantage.} (26. h4 {or other waiting moves, and Carlsen remains clearly better, though there's no obvious knockout blow.}) 26... Rxc3 $1 27. Qxc3 Rd6 $1 {This square is now available after the queen was deflected from b4.} 28. Rb1 f6 29. Ng6 Qe8 30. Qc2 Kf7 31. h4 Qc6+ 32. Qxc6 Rxc6 33. h5 Rc4 34. Kf3 Ke8 35. Nf4 Ke7 36. g4 $6 (36. Nd3 $1 {and White preserves more chances.} e5 (36... Rxa4 37. Nc5 Ra2 38. Rb6 e5 39. d5 Rd2 40. e4 Kf8 {illustrates the kind of chances Carlsen could have got.}) 37. Ke4 {In the game the e5-pawn attacks the knight, so there's no option to play like this.}) 36... e5 37. Ng6+ Ke6 38. dxe5 fxe5 39. Rb6+ Rc6 40. Rb2 Rc4 41. Ra2 Nb3 42. Nh4 Nc5 43. Nf5 Rxa4 44. Rc2 b6 45. Rd2 Ne4 46. Nxg7+ Kf6 47. Rd7 {Black has powerful connected passed pawns on the queenside, so Carlsen decides it's time to shut things down.} Ng5+ 48. Kg3 Ne4+ 49. Kf3 Ng5+ 50. Kg3 Ne4+ 51. Kf3 1/2-1/2

[Event "13th Norway Chess 2025"]
[Site "Stavanger NOR"]
[Date "2025.05.28"]
[Round "3.2"]
[White "Carlsen, Magnus"]
[Black "Wei, Yi"]
[Result "1/2-1/2"]
[WhiteElo "2837"]
[BlackElo "2758"]
[Annotator "CB-RR"]
[PlyCount "101"]
[EventDate "2025.05.26"]

{[%evp 0,101,28,20,20,-4,-4,-4,-4,-23,3,3,-7,-27,1,-7,-7,-15,-15,-2,-2,1,0,0,17,-8,-15,-7,-4,4,-2,0,0,0,11,17,46,46,46,36,36,29,56,42,44,63,64,48,62,72,53,70,70,46,46,46,26,38,28,28,26,15,43,16,3,0,12,17,17,17,43,58,58,17,36,33,33,33,33,0,9,0,33,-12,7,4,4,4,0,0,0,0,0,0,0,0,0,0,0,0,0,0,0,0]} 1. d4 Nf6 2. c4 e6 3. Nf3 d5 4. g3 Be7 5. Bg2 O-O 6. O-O dxc4 7. Qc2 a6 8. a4 Bd7 9. Qxc4 Bc6 10. Bg5 Bd5 11. Qc2 Be4 12. Qc1 Nc6 13. e3 Bb4 14. Qd1 h6 15. Bxf6 Qxf6 16. Nc3 Bxc3 17. bxc3 Na5 18. Ne5 Bxg2 19. Kxg2 Rfd8 20. Qb1 $146 ({RR} 20. Rb1 c5 21. Qe2 Rac8 22. Rfc1 Rc7 23. Nd3 c4 24. Nc5 e5 25. Qf3 Qg6 26. Rd1 exd4 27. exd4 Qc2 28. Re1 Nb3 29. Ne4 Qa2 30. Nc5 Qc2 31. Qf4 Rdc8 32. Ne4 Rd7 33. Nf6+ gxf6 34. Qg4+ Qg6 {Injac,T (2431)-Mijovic,A (2130) Budva MNE 2023 1-0 (41)}) ({RR} 20. Rb1 c5 21. Qe2 Rac8 22. Rfc1 Rc7 23. Nd3 c4 24. Nc5 e5 25. Qf3 Qg6 26. Rd1 exd4 27. exd4 Qc2 28. Re1 Nb3 29. Ne4 Qa2 30. Nc5 Qc2 31. Qf4 Rdc8 32. Ne4 Rd7 33. Nf6+ gxf6 34. Qg4+ Qg6 {Injac,T (2431)-Mijovic,A (2130) Budva MNE 2023 1-0 (41)}) 20... Rac8 21. Rd1 c5 22. Qb6 cxd4 23. cxd4 Rd5 24. Rdc1 Qd8 25. Qb4 Rc7 26. Rc3 Rxc3 27. Qxc3 Rd6 28. Rb1 f6 29. Ng6 Qe8 30. Qc2 Kf7 31. h4 Qc6+ 32. Qxc6 Rxc6 33. h5 Rc4 34. Kf3 Ke8 35. Nf4 Ke7 36. g4 e5 37. Ng6+ Ke6 38. dxe5 fxe5 39. Rb6+ Rc6 40. Rb2 Rc4 41. Ra2 Nb3 42. Nh4 Nc5 43. Nf5 Rxa4 44. Rc2 b6 45. Rd2 Ne4 46. Nxg7+ Kf6 47. Rd7 Ng5+ 48. Kg3 Ne4+ 49. Kf3 Ng5+ 50. Kg3 Ne4+ 51. Kf3 1/2-1/2

[Event "Norway Chess 2025"]
[Site "Stavanger, Norway"]
[Date "2025.05.28"]
[Round "3.2"]
[White "Carlsen, Magnus"]
[Black "Wei, Yi"]
[Result "1/2-1/2"]
[WhiteElo "2837"]
[BlackElo "2758"]
[Annotator "Chess.com"]
[PlyCount "101"]
[EventDate "2025.??.??"]
[TimeControl "40/7200:0"]

{[%evp 0,101,19,16,18,4,4,4,4,-34,13,13,13,-6,14,-7,3,-15,-2,-2,-2,-7,4,-28,5,-8,-41,-1,7,-37,-2,0,0,-13,1,1,36,46,46,46,53,41,41,42,26,38,48,66,72,53,72,75,63,46,38,38,38,33,33,33,44,33,43,16,0,12,1,12,21,15,58,43,45,17,36,33,33,39,33,0,0,0,33,-12,0,4,4,4,32,0,0,0,0,0,0,0,0,0,0,0,0,0,0,0]} 1. d4 Nf6 2. c4 e6 3. Nf3 d5 4. g3 Be7 5. Bg2 O-O 6. O-O dxc4 7. Qc2 a6 8. a4 Bd7 9. Qxc4 Bc6 10. Bg5 Bd5 11. Qc2 Be4 12. Qc1 Nc6 13. e3 Bb4 14. Qd1 h6 15. Bxf6 Qxf6 16. Nc3 Bxc3 17. bxc3 Na5 18. Ne5 Bxg2 19. Kxg2 Rfd8 20. Qb1 Rac8 21. Rd1 c5 22. Qb6 cxd4 23. cxd4 Rd5 24. Rdc1 Qd8 25. Qb4 Rc7 26. Rc3 $6 {A move that seems to give away much of White's advantage.} (26. h4 {or other waiting moves, and Carlsen remains clearly better, though there's no obvious knockout blow.}) 26... Rxc3 $1 27. Qxc3 Rd6 $1 {This square is now available after the queen was deflected from b4.} 28. Rb1 f6 29. Ng6 Qe8 30. Qc2 Kf7 31. h4 Qc6+ 32. Qxc6 Rxc6 33. h5 Rc4 34. Kf3 Ke8 35. Nf4 Ke7 36. g4 $6 (36. Nd3 $1 {and White preserves more chances.} e5 (36... Rxa4 37. Nc5 Ra2 38. Rb6 e5 39. d5 Rd2 40. e4 Kf8 {illustrates the kind of chances Carlsen could have got.}) 37. Ke4 {In the game the e5-pawn attacks the knight, so there's no option to play like this.}) 36... e5 37. Ng6+ Ke6 38. dxe5 fxe5 39. Rb6+ Rc6 40. Rb2 Rc4 41. Ra2 Nb3 42. Nh4 Nc5 43. Nf5 Rxa4 44. Rc2 b6 45. Rd2 Ne4 46. Nxg7+ Kf6 47. Rd7 {Black has powerful connected passed pawns on the queenside, so Carlsen decides it's time to shut things down.} Ng5+ 48. Kg3 Ne4+ 49. Kf3 Ng5+ 50. Kg3 Ne4+ 51. Kf3 1/2-1/2

[Event "Norway Chess 10th"]
[Site "Stavanger"]
[Date "2022.06.02"]
[Round "3"]
[White "Carlsen, Magnus"]
[Black "Radjabov, Teimour"]
[Result "1-0"]
[WhiteElo "2864"]
[BlackElo "2753"]
[PlyCount "71"]
[EventDate "2022.05.31"]
[EventType "tourn"]
[EventRounds "9"]
[EventCountry "NOR"]
[EventCategory "21"]
[SourceTitle "CBM 209"]
[Source "ChessBase"]
[SourceDate "2022.08.31"]
[SourceVersion "1"]
[SourceVersionDate "2022.08.31"]
[SourceQuality "1"]

1. d4 Nf6 2. c4 e6 3. Nf3 d5 4. g3 Be7 5. Bg2 O-O 6. O-O dxc4 7. Qc2 b5 8. a4 Bb7 9. axb5 a6 10. bxa6 Nxa6 11. Qxc4 Bd5 12. Qc3 c5 13. Bf4 ({RR} 13. Be3 Ne4 14. Qe1 Nb4 15. Nc3 Nc2 16. Rxa8 Qxa8 17. Qc1 Nxe3 18. Qxe3 Nxc3 19. bxc3 cxd4 20. cxd4 Rd8 21. Qf4 h6 22. h4 Bf6 23. e3 Rc8 24. Ne1 Bxg2 25. Nxg2 Rc4 26. Qg4 e5 27. Qe2 Qc6 {Giri,A (2772)-Nepomniachtchi,I (2782) Warsaw 2021 ½-½ (43)}) 13... Ne4 14. Qc1 cxd4 15. Nxd4 Nec5 $146 ({RR} 15... Nb4 16. Nc3 Nxc3 17. bxc3 Bxg2 18. Kxg2 Rc8 19. Bd2 Bf6 20. Nf3 Nd5 21. Ra3 Rc4 22. Qb2 Qc7 23. Rc1 Rc8 24. Qa2 Nxc3 25. Bxc3 Rxc3 26. Raxc3 Bxc3 27. Qa6 Qd8 28. h4 Ra8 29. Rd1 Qe8 30. Qd3 {Rapport,R (2748)-Saric,I (2659) Budva MNE 2023 ½-½ (31)}) ({RR} 15... Nxf2 16. Nc6 Nh3+ 17. Bxh3 Qb6+ 18. Be3 Qxc6 19. Qxc6 Bxc6 20. Nc3 Nb4 21. Rxa8 Rxa8 22. Rd1 h6 23. Bg2 Bf6 24. Bd4 Bxg2 25. Bxf6 Nd5 26. Nxd5 Bxd5 27. Bc3 f6 28. Kf2 Kf7 29. Rd4 Ra1 30. e4 {Postny,E (2525)-Paravyan,D (2589) chess.com INT 2025 0-1 (53)}) 16. Bxd5 Qxd5 17. Be3 Qb7 18. Nd2 Rac8 19. Qb1 Nb4 20. N4f3 Qb5 21. Re1 Rfd8 22. Kf1 h6 23. Rc1 Bf8 24. Ne4 Nb3 25. Rxc8 Rxc8 26. Nc3 Qb7 27. Ra4 Nd5 28. Nxd5 Qxd5 29. Kg2 Qc6 30. Ra7 g5 31. Qd3 Nc5 32. Qc4 Qb6 33. Qa2 Qc6 34. b4 Nd7 35. b5 Qd6 36. Qa6 1-0

[Event "Foros Aerosvit 3rd"]
[Site "Foros"]
[Date "2008.06.16"]
[Round "8"]
[White "Carlsen, Magnus"]
[Black "Onischuk, Alexander"]
[Result "1/2-1/2"]
[WhiteElo "2765"]
[BlackElo "2664"]
[PlyCount "57"]
[EventDate "2008.06.08"]
[EventType "tourn"]
[EventRounds "11"]
[EventCountry "UKR"]
[EventCategory "19"]
[SourceTitle "CBM 125"]
[Source "ChessBase"]
[SourceDate "2008.07.30"]
[SourceVersion "1"]
[SourceVersionDate "2008.07.30"]
[SourceQuality "1"]

1. d4 {Marin,Mihail} Nf6 2. c4 e6 3. g3 d5 4. Nf3 Be7 5. Bg2 O-O 6. O-O dxc4 7. Qc2 a6 8. Qxc4 b5 9. Qc2 Bb7 10. Bd2 Bd6 11. Be3 $146 ({RR} 11. Bg5 Nbd7 12. Rd1 Qb8 13. Bxf6 Nxf6 14. Nbd2 Rc8 15. Ng5 Bxg2 16. Kxg2 Qb7+ 17. Kg1 c5 18. Nde4 Nxe4 19. Nxe4 Qb6 20. d5 exd5 21. Rxd5 Be7 22. Rad1 Qe6 23. a4 h6 24. e3 bxa4 25. Qxa4 Rab8 {Speelman,J (2570)-Browne,W (2540) Wijk aan Zee 1983 ½-½ (63)}) ({RR} 11. a3 Nbd7 12. b4 ({RR} 12. Ba5) 12... Ra7 ({RR} 12... Nb6 13. Nc3 Nbd5 ({RR} 13... Nc4 14. e4) 14. Na2 Nb6 15. Nc3 Nbd5 16. Nxd5 Nxd5 ({RR} 16... Bxd5) 17. Qe4 ({RR} 17. Ng5 g6 18. Ne4) 17... h6 18. Ne5 Rb8 19. Qc2 Bxe5 20. dxe5 Qe7 21. e4 Nb6 22. Be3) ({RR} 12... Be4 13. Qb2 Bd5 14. Bg5 Qb8 15. Bxf6 Nxf6 16. Nc3 a5 ({RR} 16... Bb7 17. Nd2 Bxg2 18. Kxg2 a5 19. Nde4 Nxe4 20. Nxe4 axb4 21. axb4 Ra4) 17. Nxd5 exd5 18. Ne5 axb4 19. axb4 Ra4 20. Nc6 Qa8 ({RR} 20... Qb7 21. Rfc1 Rfa8) 21. Rfc1 Rxa1 22. Qxa1 Qa4 23. Qc3) 13. Nc3 ({RR} 13. a4 bxa4 14. Rxa4 Qa8 15. Na3 Ne4 16. Rb1 Nxd2 17. Qxd2 Rb8 18. Nc4 Nb6 19. Nxb6 cxb6 20. Rba1 Rc8 21. Ne1) 13... Qa8 14. Nh4 Bxg2 15. Nxg2 c6 ({RR} 15... e5 16. Be3 Rb7 17. Rfd1) 16. Rac1 ({RR} 16. Ne4 Nxe4 17. Qxe4 Rc8 18. Rfc1 a5 19. bxa5) 16... a5 17. Ne4 Nxe4 18. Qxe4 Rc8 19. Nf4 axb4 20. Bxb4 ({RR} 20. axb4 Nf6 21. Qb1 Ra3 22. Nd3 Qa7 23. e3 Ne4 24. Rfd1) 20... c5 21. Qxa8 Raxa8 22. dxc5 Bxc5 23. Nd3 Bf8 24. Rxc8 Rxc8 25. Rb1 Ra8 {Carlsen,M (2872)-Aronian,L (2809) London 2013 CBM 154 [Marin,Mihail] ½-½ (41)}) ({RR} 11. Bg5 Nbd7 12. Nbd2 Rc8 13. Bxf6 Nxf6 14. e4 Be7 15. e5 Nd5 16. Nb3 Nb4 17. Qc3 Nd5 18. Qc2 Nb4 19. Qc3 Nd5 20. Qc2 Nb4 {½-½ (20) Krishna,C (2327)-Thejkumar,M (2435) Dindigul 2014}) ({RR} 11. Re1 Be4 12. Qc1 Bb7 13. Qc2 Be4 14. Qc1 Bb7 15. Qc2 Be4 {½-½ (15) Swinkels,R (2478)-Zhigalko,S (2640) Plovdiv 2010}) 11... Nbd7 12. Nbd2 Qe7 13. Nb3 Be4 14. Qc1 e5 15. dxe5 Nxe5 16. Nxe5 Bxg2 17. Nc6 Bxc6 18. Qxc6 Ng4 19. Bd4 Qxe2 20. Rfe1 Qd3 21. h3 Nh6 22. Be5 Bxe5 23. Rxe5 Nf5 24. Rae1 g6 25. Rd5 Qc4 26. Rc5 Qd3 27. Rd5 Qc4 28. Rc5 Qd3 29. Rd5 1/2-1/2